| 000 | 00442nam a2200157Ia 4500 | ||
|---|---|---|---|
| 008 | 210716s2010 xx 000 0 und d | ||
| 020 | _a9780070151567 | ||
| 041 | _aeng | ||
| 082 | _a658.8 ETZM | ||
| 100 | _aEtzel, Michael J;Walker, Bruce J;Stanton, William J;Pandit, Ajay. | ||
| 245 | _aMarketing. | ||
| 250 | _a14 | ||
| 260 |
_aNew Delhi _bTata McGraw Hill Education Private Limited _c2010 |
||
| 300 | _axxvi,880 | ||
| 650 | _aMarketing | ||
| 999 |
_c207545 _d207545 |
||